Moby Dick: Characters Quiz - Statistics

General Stats
  • This quiz has been taken 15 times
  • The average score is 11 of 25
Answer Stats
Hint Answer % Correct
The leviathanic White Whale Moby Dick
100%
The obsessive, monomaniacal Captain Ahab
93%
The narrator Ishmael
93%
The Polynesian Harpooneer Queequeg
86%
Ahab's first mate Starbuck
79%
Second mate Stubb
79%
Third mate Flask
64%
The West African Harpooneer Daggoo
57%
The young cabin-boy Pip
57%
The Native American Harpooneer Tashtego
57%
The two Quaker ship-owners Bildad and Peleg
36%
The prophet who warns Ishmael and Queequeg against the voyage Elijah
36%
The mysterious Indian-Zoroastrian Harpooneer Fedallah
36%
The member of the Pequod who fashions Ahab a new leg The Carpenter
36%
The preacher in the Whaleman's chapel Father Mapple
29%
The figure who appears only in chapters 3 (The Spouter-Inn) and 23 (The Lee Shore) Bulkington
21%
The former's sister Charity
21%
The oldest, prophetic member of the crew The Manxman
21%
The steward of the ship Dough-Boy
14%
The ship's cook Fleece
14%
The ship's blacksmith Perth
14%
The keeper of the Spouter-Inn Peter Coffin
14%
The commander of the Samuel Enderby of London Captain Boomer
7%
The German commander of the Virgin Captain Derick de Deer
0%
The commander of the Rachel Captain Gardiner
0%
No matching quizzes found
Score Distribution
Percent of People with Each Score
Percentile by Number Answered
Your Score History
You have not taken this quiz